[Event "ODJM B 2025"]
[Site "Willingen GER"]
[Date "2025.06.08"]
[Round "2"]
[White "Zussner, Tim"]
[Black "Gold, Finnja"]
[Result "1/2-1/2"]
[Termination "normal"]
[Board "31"]
[WhiteElo "1800"]
[BlackElo "1631"]
[WhiteClock "00:23:26"]
[BlackClock "01:00:59"]
[PlyCount "52"]
[WhiteFideId "34642765"]
[BlackFideId "34660453"]
[EventCountry "GER"]
[EventRounds "9"]
[EventType "swiss"]
[EventDate "2025.06.07"]

1. d4 {[%clk 01:30:59]} Nf6 {[%clk 01:30:56]} {[%emt 00:00:05]} 2. c4 {[%clk
01:31:28]} {[%emt 00:00:01]} e6 {[%clk 01:31:21]} {[%emt 00:00:05]} 3. Nf3
{[%clk 01:31:56]} {[%emt 00:00:01]} Bb4+ {[%clk 01:31:41]} {[%emt 00:00:10]} 4.
Bd2 {[%clk 01:32:00]} {[%emt 00:00:26]} Qe7 {[%clk 01:31:33]} {[%emt 00:00:37]}
5. e3 {[%clk 01:30:45]} {[%emt 00:01:46]} b6 {[%clk 01:31:14]} {[%emt
00:00:49]} 6. a3 {[%clk 01:29:49]} {[%emt 00:01:26]} Bxd2+ {[%clk 01:31:28]}
{[%emt 00:00:16]} 7. Nbxd2 {[%clk 01:29:27]} {[%emt 00:00:51]} Bb7 {[%clk
01:30:47]} {[%emt 00:01:10]} 8. Bd3 {[%clk 01:29:23]} {[%emt 00:00:35]} d6
{[%clk 01:30:22]} {[%emt 00:00:55]} 9. O-O {[%clk 01:29:25]} {[%emt 00:00:28]}
O-O {[%clk 01:30:31]} {[%emt 00:00:21]} 10. Qc2 {[%clk 01:29:27]} {[%emt
00:00:29]} Nbd7 {[%clk 01:30:01]} {[%emt 00:01:00]} 11. b4 {[%clk 01:23:06]}
{[%emt 00:06:51]} e5 {[%clk 01:26:42]} {[%emt 00:03:48]} 12. d5 {[%clk
01:22:07]} {[%emt 00:01:29]} a5 {[%clk 01:20:59]} {[%emt 00:06:13]} 13. Rfc1
{[%clk 01:13:05]} {[%emt 00:09:32]} Rfc8 {[%clk 01:18:43]} {[%emt 00:02:22]}
14. Be2 {[%clk 00:57:19]} {[%emt 00:16:41]} Qe8 {[%clk 01:16:57]} {[%emt
00:02:14]} 15. bxa5 {[%clk 00:46:28]} {[%emt 00:11:23]} Rxa5 {[%clk 01:15:34]}
{[%emt 00:01:53]} 16. Ne1 {[%clk 00:40:30]} {[%emt 00:06:26]} Rca8 {[%clk
01:14:17]} {[%emt 00:01:46]} 17. Qb2 {[%clk 00:39:29]} {[%emt 00:01:33]} Nc5
{[%clk 01:13:30]} {[%emt 00:01:15]} 18. Nb3 {[%clk 00:36:42]} {[%emt 00:03:19]}
Nxb3 {[%clk 01:13:06]} {[%emt 00:00:54]} 19. Qxb3 {[%clk 00:36:15]} {[%emt
00:00:57]} Ne4 {[%clk 01:12:03]} {[%emt 00:01:32]} 20. Nd3 {[%clk 00:34:33]}
{[%emt 00:02:13]} Qa4 {[%clk 01:11:20]} {[%emt 00:01:09]} 21. Qb2 {[%clk
00:32:03]} {[%emt 00:03:04]} Nc5 {[%clk 01:09:50]} {[%emt 00:01:58]} 22. Nxc5
{[%clk 00:30:21]} {[%emt 00:02:13]} Rxc5 {[%clk 01:10:04]} {[%emt 00:00:17]}
23. Bd1 {[%clk 00:29:54]} {[%emt 00:00:57]} Qe8 {[%clk 01:10:06]} {[%emt
00:00:27]} 24. Rc3 {[%clk 00:25:44]} {[%emt 00:04:41]} Ra7 {[%clk 01:07:28]}
{[%emt 00:03:07]} 25. e4 {[%clk 00:24:21]} {[%emt 00:01:54]} Qa8 {[%clk
01:06:50]} {[%emt 00:01:05]} 26. Be2 {[%clk 00:23:26]} {[%emt 00:01:28]} Ra4
{[%clk 01:00:59]} {[%emt 00:06:20]} 1/2-1/2

[Event "ODJM B 2025"]
[Site "Willingen GER"]
[Date "2025.06.08"]
[Round "2"]
[White "Schmidt, Sophie"]
[Black "Junge, Julia Marie"]
[Result "1-0"]
[Termination "normal"]
[Board "32"]
[WhiteElo "1613"]
[BlackElo "1734"]
[WhiteClock "00:09:18"]
[BlackClock "00:14:39"]
[PlyCount "84"]
[WhiteFideId "34682503"]
[BlackFideId "16293908"]
[EventCountry "GER"]
[EventRounds "9"]
[EventType "swiss"]
[EventDate "2025.06.07"]

1. d4 {[%clk 01:30:59]} {[%emt 00:00:01]} Nf6 {[%clk 01:30:47]} {[%emt
00:00:13]} 2. Nf3 {[%clk 01:31:23]} {[%emt 00:00:06]} e6 {[%clk 01:30:47]}
{[%emt 00:00:29]} 3. g3 {[%clk 01:31:36]} {[%emt 00:00:18]} d5 {[%clk
01:30:47]} {[%emt 00:00:30]} 4. Bg2 {[%clk 01:31:42]} {[%emt 00:00:24]} c5
{[%clk 01:31:05]} {[%emt 00:00:11]} 5. O-O {[%clk 01:30:59]} {[%emt 00:01:13]}
Nc6 {[%clk 01:31:26]} {[%emt 00:00:10]} 6. c4 {[%clk 01:28:00]} {[%emt
00:03:29]} Be7 {[%clk 01:29:39]} {[%emt 00:02:16]} 7. Nc3 {[%clk 01:19:16]}
{[%emt 00:09:14]} dxc4 {[%clk 01:28:45]} {[%emt 00:01:24]} 8. dxc5 {[%clk
01:18:39]} {[%emt 00:01:07]} O-O {[%clk 01:28:47]} {[%emt 00:00:29]} 9. Qa4
{[%clk 01:14:09]} {[%emt 00:05:00]} Bxc5 {[%clk 01:21:35]} {[%emt 00:07:41]}
10. Qxc4 {[%clk 01:12:30]} {[%emt 00:02:09]} Nd7 {[%clk 01:17:48]} {[%emt
00:04:18]} 11. Rd1 {[%clk 01:08:34]} {[%emt 00:04:26]} Be7 {[%clk 01:11:38]}
{[%emt 00:06:40]} 12. Qg4 {[%clk 01:02:32]} {[%emt 00:06:31]} Re8 {[%clk
01:00:12]} {[%emt 00:11:57]} 13. h4 {[%clk 00:52:31]} {[%emt 00:10:31]} Qa5
{[%clk 00:56:22]} {[%emt 00:04:19]} 14. Bh6 {[%clk 00:41:58]} {[%emt 00:11:03]}
Bf6 {[%clk 00:53:30]} {[%emt 00:03:23]} 15. Ne4 {[%clk 00:30:24]} {[%emt
00:12:04]} Qf5 {[%clk 00:46:57]} {[%emt 00:07:03]} 16. Qxf5 {[%clk 00:28:20]}
{[%emt 00:02:34]} exf5 {[%clk 00:47:00]} {[%emt 00:00:26]} 17. Nxf6+ {[%clk
00:28:38]} {[%emt 00:00:13]} Nxf6 {[%clk 00:47:17]} {[%emt 00:00:13]} 18. Be3
{[%clk 00:27:35]} {[%emt 00:01:33]} Ng4 {[%clk 00:43:34]} {[%emt 00:04:13]} 19.
Bf4 {[%clk 00:25:10]} {[%emt 00:02:55]} h6 {[%clk 00:40:48]} {[%emt 00:03:16]}
20. Rd2 {[%clk 00:23:16]} {[%emt 00:02:24]} Be6 {[%clk 00:40:03]} {[%emt
00:01:14]} 21. Nd4 {[%clk 00:20:52]} {[%emt 00:02:54]} Rac8 {[%clk 00:27:31]}
{[%emt 00:13:03]} 22. Nxc6 {[%clk 00:17:49]} {[%emt 00:03:33]} bxc6 {[%clk
00:27:51]} {[%emt 00:00:09]} 23. Rc1 {[%clk 00:17:01]} {[%emt 00:01:18]} Bxa2
{[%clk 00:25:28]} {[%emt 00:02:53]} 24. Rxc6 {[%clk 00:17:06]} {[%emt
00:00:25]} Rxc6 {[%clk 00:25:34]} {[%emt 00:00:25]} 25. Bxc6 {[%clk 00:17:25]}
{[%emt 00:00:11]} Rc8 {[%clk 00:23:51]} {[%emt 00:02:13]} 26. Bd7 {[%clk
00:17:11]} {[%emt 00:00:44]} Rc5 {[%clk 00:22:55]} {[%emt 00:01:25]} 27. Bd6
{[%clk 00:15:21]} {[%emt 00:02:20]} Ra5 {[%clk 00:22:04]} {[%emt 00:01:22]} 28.
b4 {[%emt 00:02:51]} Rd5 {[%clk 00:20:25]} 29. Rxd5 {[%clk 00:15:22]} {[%emt
00:00:15]} Bxd5 {[%clk 00:20:49]} {[%emt 00:00:07]} 30. Bxf5 {[%clk 00:15:45]}
{[%emt 00:00:06]} Nf6 {[%clk 00:20:49]} {[%emt 00:00:31]} 31. Bb8 {[%clk
00:15:18]} {[%emt 00:00:57]} a6 {[%clk 00:20:55]} {[%emt 00:00:23]} 32. Bd3
{[%clk 00:14:16]} {[%emt 00:01:32]} Bb7 {[%clk 00:21:19]} {[%emt 00:00:06]} 33.
Bd6 {[%clk 00:14:20]} {[%emt 00:00:26]} Ne8 {[%clk 00:19:19]} {[%emt 00:02:30]}
34. Bc5 {[%clk 00:14:32]} {[%emt 00:00:18]} Nc7 {[%clk 00:18:53]} {[%emt
00:00:56]} 35. f4 {[%clk 00:13:23]} {[%emt 00:01:39]} Ne6 {[%clk 00:16:43]}
{[%emt 00:02:40]} 36. Bd6 {[%clk 00:13:07]} {[%emt 00:00:46]} Nd4 {[%clk
00:15:22]} {[%emt 00:01:52]} 37. e4 {[%clk 00:11:51]} {[%emt 00:01:45]} Nb5
{[%clk 00:15:17]} {[%emt 00:00:35]} 38. Bc5 {[%clk 00:12:01]} {[%emt 00:00:21]}
Nc7 {[%clk 00:15:28]} {[%emt 00:00:19]} 39. Kf2 {[%clk 00:11:58]} {[%emt
00:00:33]} g6 {[%clk 00:15:06]} {[%emt 00:00:52]} 40. Ke3 {[%clk 00:10:37]}
{[%emt 00:01:50]} Kg7 {[%clk 00:15:21]} {[%emt 00:00:15]} 41. Bc4 {[%clk
00:10:20]} {[%emt 00:00:47]} Nb5 {[%clk 00:14:48]} {[%emt 00:01:03]} 42. g4
{[%clk 00:09:18]} {[%emt 00:01:33]} Nc3 {[%clk 00:14:39]} {[%emt 00:00:39]} 1-0

[Event "ODJM B 2025"]
[Site "Willingen GER"]
[Date "2025.06.08"]
[Round "2"]
[White "Schmidt, Emelie"]
[Black "Moldovan, Tatiana"]
[Result "0-1"]
[Termination "normal"]
[Board "33"]
[WhiteElo "1575"]
[BlackElo "1780"]
[WhiteClock "00:11:07"]
[BlackClock "00:32:23"]
[PlyCount "64"]
[WhiteFideId "34682490"]
[BlackFideId "16287398"]
[EventCountry "GER"]
[EventRounds "9"]
[EventType "swiss"]
[EventDate "2025.06.07"]

1. d4 {[%clk 01:30:59]} d5 {[%clk 01:30:39]} {[%emt 00:00:21]} 2. Nf3 {[%clk
01:31:21]} {[%emt 00:00:07]} e6 {[%clk 01:31:03]} {[%emt 00:00:06]} 3. g3
{[%clk 01:31:39]} {[%emt 00:00:12]} Nc6 {[%clk 01:30:41]} {[%emt 00:00:52]} 4.
c4 {[%clk 01:31:30]} {[%emt 00:00:39]} dxc4 {[%clk 01:30:27]} {[%emt 00:00:44]}
5. Qa4 {[%clk 01:30:47]} {[%emt 00:01:13]} Bd7 {[%clk 01:27:30]} {[%emt
00:03:27]} 6. Qxc4 {[%clk 01:30:25]} {[%emt 00:00:52]} Nf6 {[%clk 01:27:30]}
{[%emt 00:00:30]} 7. Bg2 {[%clk 01:30:13]} {[%emt 00:00:41]} Rb8 {[%clk
01:26:52]} {[%emt 00:01:09]} 8. O-O {[%clk 01:29:04]} {[%emt 00:01:39]} Bd6
{[%clk 01:26:27]} {[%emt 00:00:55]} 9. Nc3 {[%clk 01:27:54]} {[%emt 00:01:40]}
Qc8 {[%clk 01:24:44]} {[%emt 00:02:13]} 10. Re1 {[%clk 01:21:42]} {[%emt
00:06:42]} O-O {[%clk 01:17:20]} {[%emt 00:07:54]} 11. Bg5 {[%clk 01:18:07]}
{[%emt 00:04:05]} Be7 {[%clk 01:17:19]} {[%emt 00:00:32]} 12. Ne5 {[%clk
01:14:59]} {[%emt 00:03:38]} Nxe5 {[%clk 01:10:30]} {[%emt 00:07:18]} 13. dxe5
{[%clk 01:11:19]} {[%emt 00:04:10]} Nd5 {[%clk 01:10:43]} {[%emt 00:00:17]} 14.
Bxe7 {[%clk 01:07:22]} {[%emt 00:04:27]} Nxe7 {[%clk 01:07:26]} {[%emt
00:03:47]} 15. Nb5 {[%clk 01:06:06]} {[%emt 00:01:47]} a6 {[%clk 01:05:59]}
{[%emt 00:01:57]} 16. Nd4 {[%clk 01:02:35]} {[%emt 00:04:00]} c5 {[%clk
00:57:40]} {[%emt 00:08:49]} 17. Nf3 {[%clk 01:00:29]} {[%emt 00:02:36]} Bb5
{[%clk 00:57:15]} {[%emt 00:00:55]} 18. Qc2 {[%clk 00:57:38]} {[%emt 00:03:20]}
Ng6 {[%clk 00:54:40]} {[%emt 00:03:05]} 19. Rac1 {[%clk 00:56:27]} {[%emt
00:01:41]} b6 {[%clk 00:54:43]} {[%emt 00:00:28]} 20. Red1 {[%clk 00:55:33]}
{[%emt 00:01:24]} Rd8 {[%clk 00:54:52]} {[%emt 00:00:22]} 21. Rd2 {[%clk
00:51:42]} {[%emt 00:04:20]} Rxd2 {[%clk 00:53:13]} {[%emt 00:02:08]} 22. Qxd2
{[%clk 00:50:54]} {[%emt 00:01:19]} Qc7 {[%clk 00:53:13]} {[%emt 00:00:30]} 23.
Qe3 {[%clk 00:38:43]} {[%emt 00:12:41]} Rd8 {[%clk 00:51:43]} {[%emt 00:02:00]}
24. b3 {[%clk 00:34:50]} {[%emt 00:04:23]} a5 {[%clk 00:50:19]} {[%emt
00:01:54]} 25. Rc2 {[%clk 00:32:52]} {[%emt 00:02:28]} h6 {[%clk 00:49:24]}
{[%emt 00:01:25]} 26. h4 {[%clk 00:24:58]} {[%emt 00:08:23]} Rd5 {[%clk
00:45:33]} {[%emt 00:04:22]} 27. Kh2 {[%clk 00:20:15]} {[%emt 00:05:13]} Nxe5
{[%clk 00:44:14]} {[%emt 00:01:49]} 28. Nxe5 {[%clk 00:20:01]} {[%emt
00:00:44]} Rxe5 {[%clk 00:44:39]} {[%emt 00:00:04]} 29. Qf4 {[%clk 00:15:47]}
{[%emt 00:04:45]} f6 {[%clk 00:40:42]} {[%emt 00:04:27]} 30. Bf3 {[%clk
00:14:51]} {[%emt 00:01:26]} Bc6 {[%clk 00:40:07]} {[%emt 00:01:04]} 31. Bg4
{[%clk 00:14:18]} {[%emt 00:01:04]} Qd7 {[%clk 00:34:20]} {[%emt 00:06:17]} 32.
Qc4 {[%clk 00:11:07]} {[%emt 00:03:41]} Re4 {[%clk 00:32:23]} {[%emt 00:02:27]}
0-1

[Event "ODJM B 2025"]
[Site "Willingen GER"]
[Date "2025.06.08"]
[Round "2"]
[White "Franke, Moritz"]
[Black "Berger, Friedrich Richard"]
[Result "0-1"]
[Termination "normal"]
[Board "34"]
[WhiteElo "1627"]
[BlackElo "1723"]
[WhiteClock "01:55:19"]
[BlackClock "00:14:16"]
[PlyCount "112"]
[WhiteFideId "34629475"]
[BlackFideId "34663169"]
[EventCountry "GER"]
[EventRounds "9"]
[EventType "swiss"]
[EventDate "2025.06.07"]

1. e4 {[%clk 01:30:54]} {[%emt 00:00:06]} e5 {[%clk 01:30:46]} {[%emt
00:00:14]} 2. Nf3 {[%clk 01:31:20]} {[%emt 00:00:03]} Nc6 {[%clk 01:31:10]}
{[%emt 00:00:07]} 3. Bc4 {[%clk 01:31:46]} {[%emt 00:00:04]} Bc5 {[%clk
01:31:25]} {[%emt 00:00:14]} 4. d4 {[%clk 01:32:06]} {[%emt 00:00:10]} exd4
{[%clk 01:30:39]} {[%emt 00:01:16]} 5. Ng5 {[%clk 01:32:29]} {[%emt 00:00:07]}
Nh6 {[%clk 01:29:37]} {[%emt 00:01:32]} 6. Nxf7 {[%clk 01:32:49]} {[%emt
00:00:10]} Nxf7 {[%clk 01:29:59]} {[%emt 00:00:08]} 7. Bxf7+ {[%clk 01:33:06]}
{[%emt 00:00:13]} Kxf7 {[%clk 01:30:19]} {[%emt 00:00:11]} 8. Qh5+ {[%clk
01:33:31]} {[%emt 00:00:04]} g6 {[%clk 01:29:34]} {[%emt 00:01:15]} 9. Qxc5
{[%clk 01:33:38]} {[%emt 00:00:23]} d6 {[%clk 01:29:17]} {[%emt 00:00:48]} 10.
Qc4+ {[%clk 01:32:23]} {[%emt 00:01:45]} Be6 {[%clk 01:26:14]} {[%emt
00:03:32]} 11. Qd3 {[%clk 01:32:45]} {[%emt 00:00:08]} h6 {[%clk 01:21:44]}
{[%emt 00:05:01]} 12. Bd2 {[%clk 01:31:40]} {[%emt 00:01:34]} Ke7 {[%clk
01:19:30]} {[%emt 00:02:45]} 13. O-O {[%clk 01:31:10]} {[%emt 00:01:00]} Qd7
{[%clk 01:13:26]} {[%emt 00:06:34]} 14. f4 {[%clk 01:31:26]} {[%emt 00:00:12]}
Raf8 {[%clk 01:08:29]} {[%emt 00:05:28]} 15. Na3 {[%clk 01:31:42]} {[%emt
00:00:15]} a6 {[%clk 01:07:30]} {[%emt 00:01:29]} 16. c3 {[%clk 01:31:43]}
{[%emt 00:00:28]} dxc3 {[%clk 01:06:32]} {[%emt 00:01:29]} 17. Bxc3 {[%clk
01:32:03]} {[%emt 00:00:09]} Rhg8 {[%clk 01:04:58]} {[%emt 00:02:04]} 18. Nc2
{[%clk 01:31:33]} {[%emt 00:01:00]} Kd8 {[%clk 01:01:22]} {[%emt 00:04:07]} 19.
Nd4 {[%clk 01:30:03]} {[%emt 00:01:59]} Nxd4 {[%clk 00:59:47]} {[%emt
00:02:05]} 20. Bxd4 {[%clk 01:30:10]} {[%emt 00:00:22]} Qf7 {[%clk 00:52:45]}
{[%emt 00:07:33]} 21. b3 {[%clk 01:29:22]} {[%emt 00:01:18]} Bd7 {[%clk
00:51:02]} {[%emt 00:02:13]} 22. Rf2 {[%clk 01:29:20]} {[%emt 00:00:31]} Bb5
{[%clk 00:44:58]} {[%emt 00:06:35]} 23. Qf3 {[%clk 01:29:34]} {[%emt 00:00:11]}
Bc6 {[%clk 00:43:58]} {[%emt 00:01:35]} 24. Qe3 {[%clk 01:29:28]} {[%emt
00:00:36]} Re8 {[%clk 00:42:10]} {[%emt 00:02:19]} 25. e5 {[%clk 01:28:31]}
{[%emt 00:01:27]} d5 {[%clk 00:34:23]} {[%emt 00:08:17]} 26. Qh3 {[%clk
01:28:27]} {[%emt 00:00:31]} h5 {[%clk 00:33:03]} {[%emt 00:01:52]} 27. f5
{[%clk 01:28:31]} {[%emt 00:00:25]} gxf5 {[%clk 00:32:31]} {[%emt 00:01:03]}
28. Rxf5 {[%clk 01:28:03]} {[%emt 00:00:58]} Qg6 {[%clk 00:31:37]} {[%emt
00:01:24]} 29. Raf1 {[%clk 01:28:24]} {[%emt 00:00:09]} Bd7 {[%clk 00:30:40]}
{[%emt 00:01:28]} 30. Qh4+ {[%clk 01:28:02]} {[%emt 00:00:51]} Kc8 {[%clk
00:29:44]} {[%emt 00:01:26]} 31. R5f2 {[%clk 01:28:24]} {[%emt 00:00:07]} b6
{[%clk 00:23:00]} {[%emt 00:07:16]} 32. Qf6 {[%clk 01:28:27]} {[%emt 00:00:26]}
Re6 {[%clk 00:18:35]} {[%emt 00:04:55]} 33. Qxg6 {[%clk 01:28:32]} {[%emt
00:00:24]} Rexg6 {[%clk 00:18:35]} {[%emt 00:00:31]} 34. Rf8+ {[%clk 01:28:49]}
{[%emt 00:00:14]} Kb7 {[%clk 00:18:29]} {[%emt 00:00:36]} 35. Rxg8 {[%clk
01:29:12]} {[%emt 00:00:06]} Rxg8 {[%clk 00:18:54]} {[%emt 00:00:06]} 36. g3
{[%clk 01:29:35]} {[%emt 00:00:05]} c5 {[%clk 00:18:27]} {[%emt 00:00:58]} 37.
Be3 {[%clk 01:29:53]} {[%emt 00:00:12]} d4 {[%clk 00:18:31]} {[%emt 00:00:27]}
38. Bf4 {[%clk 01:30:08]} {[%emt 00:00:14]} Be6 {[%clk 00:18:13]} {[%emt
00:00:48]} 39. Rd1 {[%clk 01:29:34]} {[%emt 00:01:04]} Kc6 {[%clk 00:16:12]}
{[%emt 00:02:31]} 40. Kf2 {[%clk 01:29:57]} {[%emt 00:00:07]} a5 {[%clk
00:15:02]} {[%emt 00:01:41]} 41. Rd2 {[%clk 01:28:40]} {[%emt 00:01:46]} b5
{[%clk 00:00:57]} {[%emt 00:14:36]} 42. Ke1 {[%clk 01:26:53]} {[%emt 00:02:16]}
b4 {[%clk 00:28:03]} {[%emt 00:03:24]} 43. Kd1 {[%clk 01:57:11]} {[%emt
00:00:12]} Ra8 {[%clk 00:27:30]} {[%emt 00:01:03]} 44. Rb2 {[%clk 01:56:30]}
{[%emt 00:01:11]} a4 {[%clk 00:26:17]} {[%emt 00:01:44]} 45. Bc1 {[%clk
01:56:23]} {[%emt 00:00:35]} axb3 {[%clk 00:25:24]} {[%emt 00:01:24]} 46. axb3
{[%clk 01:56:45]} {[%emt 00:00:08]} Kd5 {[%clk 00:22:53]} {[%emt 00:03:01]} 47.
Bf4 {[%clk 01:55:40]} {[%emt 00:01:35]} Ra1+ {[%clk 00:18:27]} {[%emt
00:04:56]} 48. Ke2 {[%clk 01:54:37]} {[%emt 00:01:32]} Rh1 {[%clk 00:17:53]}
{[%emt 00:01:04]} 49. Kf3 {[%clk 01:54:49]} {[%emt 00:00:19]} Ra1 {[%clk
00:17:19]} {[%emt 00:01:03]} 50. Kg2 {[%clk 01:53:52]} {[%emt 00:01:28]} Kc6
{[%clk 00:15:26]} {[%emt 00:02:23]} 51. Kf2 {[%clk 01:54:08]} {[%emt 00:00:14]}
Ra3 {[%clk 00:15:36]} {[%emt 00:00:20]} 52. Ke2 {[%clk 01:53:51]} {[%emt
00:00:47]} Rxb3 {[%clk 00:15:35]} {[%emt 00:00:32]} 53. Rxb3 {[%clk 01:54:15]}
{[%emt 00:00:05]} Bxb3 {[%clk 00:16:01]} {[%emt 00:00:04]} 54. Kd2 {[%clk
01:54:31]} {[%emt 00:00:14]} Be6 {[%clk 00:15:26]} {[%emt 00:01:05]} 55. Kc2
{[%clk 01:54:54]} {[%emt 00:00:06]} Kd5 {[%clk 00:14:15]} {[%emt 00:01:42]} 56.
Kb2 {[%clk 01:55:19]} {[%emt 00:00:06]} c4 {[%clk 00:14:16]} {[%emt 00:00:29]}
0-1

[Event "ODJM B 2025"]
[Site "Willingen GER"]
[Date "2025.06.08"]
[Round "2"]
[White "Krannich, Eva"]
[Black "Gutsche, Jan-Frederic"]
[Result "1/2-1/2"]
[Termination "normal"]
[Board "36"]
[WhiteElo "1509"]
[BlackElo "1742"]
[WhiteClock "00:57:41"]
[BlackClock "00:00:36"]
[PlyCount "111"]
[WhiteFideId "34639713"]
[BlackFideId "34683631"]
[EventCountry "GER"]
[EventRounds "9"]
[EventType "swiss"]
[EventDate "2025.06.07"]

1. e4 {[%clk 01:30:59]} c5 {[%clk 01:30:57]} {[%emt 00:00:03]} 2. Nf3 {[%clk
01:31:18]} {[%emt 00:00:11]} d6 {[%clk 01:31:19]} {[%emt 00:00:08]} 3. d3
{[%clk 01:31:42]} {[%emt 00:00:05]} Nf6 {[%clk 01:31:04]} {[%emt 00:00:45]} 4.
g3 {[%clk 01:31:56]} {[%emt 00:00:16]} Nc6 {[%clk 01:26:06]} {[%emt 00:05:29]}
5. Bg2 {[%clk 01:32:17]} {[%emt 00:00:08]} h6 {[%clk 01:23:18]} {[%emt
00:03:19]} 6. O-O {[%clk 01:32:25]} {[%emt 00:00:22]} Bg4 {[%clk 01:19:44]}
{[%emt 00:04:04]} 7. h3 {[%clk 01:32:21]} {[%emt 00:00:33]} Bd7 {[%clk
01:15:18]} {[%emt 00:04:55]} 8. Nc3 {[%clk 01:32:09]} {[%emt 00:00:43]} e5
{[%clk 01:12:14]} {[%emt 00:03:35]} 9. Nd2 {[%clk 01:27:57]} {[%emt 00:04:41]}
Be7 {[%clk 00:47:15]} {[%emt 00:25:30]} 10. Nc4 {[%clk 01:28:02]} {[%emt
00:00:25]} Be6 {[%clk 00:44:24]} {[%emt 00:03:20]} 11. Nd5 {[%clk 01:25:55]}
{[%emt 00:02:37]} O-O {[%clk 00:38:08]} {[%emt 00:06:47]} 12. a4 {[%clk
01:24:32]} {[%emt 00:01:53]} Qd7 {[%clk 00:33:57]} {[%emt 00:04:41]} 13. Kh2
{[%clk 01:23:57]} {[%emt 00:01:04]} Rfd8 {[%clk 00:32:34]} {[%emt 00:01:53]}
14. Bd2 {[%clk 01:19:50]} {[%emt 00:04:37]} Bxd5 {[%clk 00:25:48]} {[%emt
00:07:16]} 15. exd5 {[%clk 01:19:44]} {[%emt 00:00:36]} Nb8 {[%clk 00:23:12]}
{[%emt 00:03:07]} 16. Qf3 {[%clk 01:13:29]} {[%emt 00:06:45]} Qc7 {[%clk
00:17:19]} {[%emt 00:06:23]} 17. Ba5 {[%clk 01:09:15]} {[%emt 00:04:44]} b6
{[%clk 00:15:05]} {[%emt 00:02:43]} 18. Bd2 {[%clk 01:09:35]} {[%emt 00:00:10]}
Nbd7 {[%clk 00:14:42]} {[%emt 00:00:54]} 19. Rfe1 {[%clk 01:06:51]} {[%emt
00:03:13]} Re8 {[%clk 00:12:09]} {[%emt 00:03:04]} 20. h4 {[%clk 01:04:04]}
{[%emt 00:03:16]} Bf8 {[%clk 00:08:11]} {[%emt 00:04:29]} 21. g4 {[%clk
01:01:09]} {[%emt 00:03:24]} Nh7 {[%clk 00:06:02]} {[%emt 00:02:40]} 22. g5
{[%clk 00:54:31]} {[%emt 00:07:07]} hxg5 {[%clk 00:01:39]} {[%emt 00:04:54]}
23. hxg5 {[%clk 00:54:54]} {[%emt 00:00:07]} g6 {[%clk 00:00:49]} {[%emt
00:01:20]} 24. Qh3 {[%clk 00:54:35]} {[%emt 00:00:48]} Be7 {[%clk 00:00:38]}
{[%emt 00:00:42]} 25. Qh6 {[%clk 00:50:48]} {[%emt 00:04:17]} Bf8 {[%clk
00:00:36]} {[%emt 00:00:33]} 26. Qh4 {[%clk 00:50:47]} {[%emt 00:00:29]} f5
{[%clk 00:00:34]} {[%emt 00:00:33]} 27. gxf6 {[%clk 00:49:30]} {[%emt
00:01:47]} Ndxf6 {[%clk 00:00:35]} {[%emt 00:00:28]} 28. Be4 {[%clk 00:48:29]}
{[%emt 00:01:32]} Nxe4 {[%clk 00:00:33]} {[%emt 00:00:32]} 29. Rxe4 {[%clk
00:48:17]} {[%emt 00:00:41]} Re7 {[%clk 00:00:32]} {[%emt 00:00:32]} 30. Rg1
{[%clk 00:48:08]} {[%emt 00:00:38]} Rg7 {[%clk 00:00:36]} {[%emt 00:00:26]} 31.
Bh6 {[%clk 00:47:54]} {[%emt 00:00:45]} g5 {[%clk 00:00:37]} {[%emt 00:00:29]}
32. Bxg5 {[%clk 00:46:36]} {[%emt 00:01:47]} Nxg5 {[%clk 00:00:33]} {[%emt
00:00:35]} 33. Rxg5 {[%clk 00:46:44]} {[%emt 00:00:20]} Re8 {[%clk 00:00:31]}
{[%emt 00:00:33]} 34. Reg4 {[%clk 00:45:41]} {[%emt 00:01:33]} Ree7 {[%clk
00:00:35]} {[%emt 00:00:27]} 35. Ne3 {[%clk 00:44:46]} {[%emt 00:01:24]} Rxg5
{[%clk 00:00:33]} {[%emt 00:00:32]} 36. Rxg5+ {[%clk 00:44:05]} {[%emt
00:01:11]} Rg7 {[%clk 00:00:48]} {[%emt 00:00:16]} 37. Nf5 {[%clk 00:43:42]}
{[%emt 00:00:52]} Rxg5 {[%clk 00:00:35]} {[%emt 00:00:44]} 38. Qxg5+ {[%clk
00:44:04]} {[%emt 00:00:08]} Kf7 {[%emt 00:00:33]} 39. Nh6+ {[%clk 00:40:26]}
{[%emt 00:04:07]} Bxh6 {[%clk 00:00:44]} {[%emt 00:00:18]} 40. Qxh6 {[%clk
00:40:49]} {[%emt 00:00:06]} Qb8 {[%clk 00:00:32]} {[%emt 00:00:43]} 41. Qh7+
{[%clk 00:39:39]} {[%emt 00:01:40]} Kf6 {[%clk 00:29:46]} {[%emt 00:01:16]} 42.
Qh6+ {[%clk 01:09:46]} {[%emt 00:00:24]} Kf5 {[%clk 00:21:12]} {[%emt
00:09:04]} 43. Qe6+ {[%clk 01:08:29]} {[%emt 00:01:47]} Kg5 {[%clk 00:21:01]}
{[%emt 00:00:40]} 44. Kg3 {[%clk 01:08:38]} {[%emt 00:00:22]} Qf8 {[%clk
00:16:42]} {[%emt 00:04:48]} 45. Qg4+ {[%clk 01:08:17]} {[%emt 00:00:51]} Kh6
{[%clk 00:17:03]} {[%emt 00:00:06]} 46. Qh4+ {[%clk 01:08:02]} {[%emt
00:00:47]} Kg6 {[%clk 00:14:31]} {[%emt 00:03:02]} 47. Qg4+ {[%clk 01:06:56]}
{[%emt 00:01:37]} Kh7 {[%clk 00:05:03]} {[%emt 00:09:52]} 48. Qd7+ {[%clk
01:02:59]} {[%emt 00:04:34]} Kg6 {[%clk 00:04:56]} {[%emt 00:00:37]} 49. Qe6+
{[%clk 01:02:09]} {[%emt 00:01:19]} Kh7 {[%clk 00:03:35]} {[%emt 00:01:51]} 50.
Qd7+ {[%clk 00:58:49]} {[%emt 00:03:51]} Kg6 {[%clk 00:03:31]} {[%emt
00:00:33]} 51. Qg4+ {[%clk 00:59:11]} {[%emt 00:00:09]} Kh7 {[%clk 00:02:45]}
{[%emt 00:01:13]} 52. Qh5+ {[%clk 00:57:34]} {[%emt 00:02:09]} Kg7 {[%clk
00:01:40]} {[%emt 00:01:35]} 53. Qg5+ {[%clk 00:57:55]} {[%emt 00:00:10]} Kh7
{[%clk 00:01:29]} {[%emt 00:00:40]} 54. f3 {[%clk 00:58:14]} {[%emt 00:00:12]}
Qf7 {[%clk 00:00:33]} {[%emt 00:01:25]} 55. Kg4 {[%clk 00:58:08]} {[%emt
00:00:36]} Qxd5 {[%clk 00:00:36]} {[%emt 00:00:29]} 56. Qe7+ {[%clk 00:57:41]}
{[%emt 00:00:55]} 1/2-1/2